Filosofi - Statistics

Statistiche generali
  • Questo quiz è stato fatto 578 volte
  • Il punteggio medio è 17 su 38
Statistiche sulle risposte
Opera Contesto Filosofo % Corretto
La Repubblica Antica Grecia Platone
95%
Etica Nicomachea Antica Grecia Aristotele
91%
Critica della ragione pura Prussia, XVIII sec. Immanuel Kant
82%
L'interpretazione dei sogni Austria e Inghilterra, XX sec. Sigmund Freud
80%
Il Capitale Germania e Inghilterra, XIX sec. Karl Marx
79%
La Fenomenologia dello Spirito Germania, XIX sec. Friedrich Hegel
73%
Così parlò Zarathustra Germania e Italia, XIX sec. Friedrich Nietzsche
71%
Discorso sul metodo Francia, XVII sec. René Descartes
70%
Confessioni Antica Roma Sant'Agostino da Ippona
69%
Sulle forme degli atomi Antica Grecia Democrito
68%
Il leviatano Inghilterra, XVII sec. Thomas Hobbes
63%
Il Mondo come Volontà e Rappresentazione Germania, XIX sec. Arthur Schopenhauer
58%
Summa theologiae Italia medievale San Tommaso d'Aquino
56%
Dialogi Antica Roma Lucio Anneo Seneca
55%
Emilio, o dell'Educazione Svizzera e Francia, XVIII sec. Jean Jacques Rousseau
53%
Saggio sull'intelletto umano Inghilterra, XVIII sec. John Locke
52%
Candido, o L'ottimismo Francia, Prussia e Svizzera, XVIII sec. Voltaire
51%
Timore e tremore Danimarca, XIX sec. Soren Kierkegaard
50%
Trattato sull'emendazione dell'intelletto Paesi Bassi, XVII sec. Baruch Spinoza
38%
Trattato sulla natura umana Scozia, XVIII sec. David Hume
36%
De l'infinito, universo e mondi Italia e Germania, XVI sec. Giordano Bruno
36%
La nausea Francia, XX sec. Jean-Paul Sartre
35%
Della Natura Antica Grecia Epicuro
34%
Essere e Tempo Germania, XX sec. Martin Heidegger
33%
Lo spirito delle leggi Francia, XVIII sec. Charles-Louis de Montesquieu
31%
Monadologie Germania, XVII sec. Gottfried von Leibniz
31%
Corso di Filosofia Positiva Francia, XIX sec. Auguste Comte
30%
L'incoerenza dell'incoerenza Mondo islamico medievale Averroè
30%
La città del Sole Italia e Francia, XVII sec. Tommaso Campanella
29%
Enneadi Antica Roma Plotino
24%
Libro della guarigione Mondo islamico medievale Avicenna
22%
De consolatione philosophiae Italia tardonatica Severino Boezio
19%
Logica come scienza del concetto puro Italia, XIX-XX sec. Benedetto Croce
18%
Scienza Nuova Italia meridionale, XVIII sec. Giambattista Vico
18%
Tractatus logico-philosophicus Austria e Inghilterra, XX sec. Ludwig Wittgenstein
18%
Summa logicae Inghilterra medievale Guglielmo di Occam
12%
L'archeologia del sapere Francia, XX sec. Paul-Michel Foucault
10%
Le strutture della sintassi Stati Uniti, XX-XXi sec. Noam Chomsky
9%
Nessun quiz corrispondente trovato
Distribuzione punteggi
Percentuale di utenti per punteggio
Percentile per numero di risposta
I tuoi punteggi nel tempo
Non hai fatto questo quiz